Statistics for Landlocked Countries that don't border other Landlocked Countries

Click here to take the quiz!

General Stats

  • This quiz has been taken 51 times
  • The average score is 9 of 12

Answer Stats

Bordering CountriesCountry% Correct
1San Marino
91%
1Lesotho
88%
2Nepal
88%
1Vatican City
88%
2Andorra
86%
2Bhutan
84%
5Laos
81%
2Swaziland
81%
3Luxembourg
74%
2Mongolia
70%
5Belarus
63%
2Moldova
53%

Score Distribution

Percentile by Number Answered

Percent of People with Each Score

Your Score History

You have not taken this quiz